[Event "XYChess IM Section"]
[Site "Sliema, Malta"]
[Date "2015.01.12"]
[Round "6.4"]
[White "Kaim, Piotr"]
[Black "House, Glenn L"]
[Result "0-1"]
[WhiteElo "2212"]
[BlackElo "2230"]

1.d4 Nf6 2.Nf3 e6 3.Bg5 c5 4.e3 h6 5.Bh4 cxd4 6.exd4 Qb6 7.Bxf6 gxf6 8.Nbd2
Qxb2 9.Bd3 Qc3 10.O-O Qc7 11.d5 Be7 12.Nd4 a6 13.c4 Qf4 14.N2f3 b5 15.Re1 Bb7
16.a4 bxc4 17.Bxc4 O-O 18.Qb3 Bc8 19.Bd3 Re8 20.Be4 Ra7 21.g3 Qd6 22.Qe3 Bf8
23.dxe6 dxe6 24.Nb5 axb5 25.Qxa7 f5 26.Rad1 Qc5 27.Qxc5 Bxc5 28.Bd3 bxa4
29.Bb5 Rf8 30.Bxa4 Bb7 31.Ne5 Bd5 32.Bb5 Bb4 33.Re2 f6 34.Nd7 Nxd7 35.Bxd7 Bf3
36.Bxe6+ Kh8 37.Red2 Bxd2 38.Rxd2 Re8 39.Bc4 Re1+ 40.Bf1 Kh7 41.h4 Kg6 42.Rb2
f4 43.g4 Bxg4 44.f3 Bh3 {#R} 0-1

[Event "XYChess IM Section"]
[Site "Sliema, Malta"]
[Date "2015.01.12"]
[Round "6.5"]
[White "Arkell, Keith C"]
[Black "Lombaers, Peter"]
[Result "1/2-1/2"]
[WhiteElo "2497"]
[BlackElo "2291"]

1.d4 f5 2.g3 Nf6 3.Bg2 g6 4.c4 Bg7 5.Nf3 O-O 6.O-O d6 7.Nc3 Nc6 8.d5 Ne5 9.Qb3
Nxf3+ 10.Bxf3 a6 11.Be3 Nd7 12.Bg2 Ne5 13.Rad1 Qe8 14.Bd4 Rb8 15.f4 Ng4
16.Bxg7 Kxg7 17.Rd3 b5 18.cxb5 axb5 19.Qb4 e5 20.dxe6 Bxe6 21.Qd4+ Nf6 22.b3
Qf7 23.e4 b4 24.Nd5 fxe4 25.Bxe4 Bxd5 26.Bxd5 Qxd5 27.Qxd5 Nxd5 28.Rxd5 Ra8
29.Rf2 Ra6 30.Rc2 c5 31.Kf2 Rfa8 32.Rdd2 Re8 33.Kf3 h5 34.h3 Re1 35.g4 hxg4+
36.hxg4 Kf6 37.Rh2 Rd1 38.Rh7 Rd3+ 39.Kf2 d5 40.Re2 c4 41.Rb7 cxb3 42.axb3
Rxb3 43.Re3 Rxe3 44.Kxe3 Re6+ 45.Kf3 g5 46.Rxb4 {#d} 1/2-1/2

[Event "XYChess IM Section"]
[Site "Sliema, Malta"]
[Date "2015.01.13"]
[Round "7.1"]
[White "Lombaers, Peter"]
[Black "Ekstroem, Roland"]
[Result "1/2-1/2"]
[WhiteElo "2291"]
[BlackElo "2396"]

1.e4 c6 2.Ne2 d5 3.e5 d4 4.d3 c5 5.Ng3 Nc6 6.f4 Nh6 7.Be2 g6 8.O-O Bg7 9.Bf3
Qc7 10.Nd2 O-O 11.a4 b6 12.Nc4 f5 13.Bd2 Be6 14.Qe2 Rab8 15.Nh1 Qd7 16.Nf2 Bd5
17.Nh3 Nf7 18.b3 Ncd8 19.Rfb1 a5 20.Re1 Ne6 21.g3 Qc6 22.Kf2 Nc7 23.Bxd5 Qxd5
24.Qf3 Qxf3+ 25.Kxf3 Nd8 26.Nf2 Nde6 27.h4 h5 28.Ra2 Nd5 29.Rea1 Rfc8 30.Nd1
Bf8 31.Ndb2 Kf7 32.Na3 Nec7 33.Nbc4 Ke6 34.Rd1 Rb7 35.Raa1 Ra8 {#d} 1/2-1/2

[Event "XYChess IM Section"]
[Site "Sliema, Malta"]
[Date "2015.01.13"]
[Round "7.2"]
[White "House, Glenn L"]
[Black "Arkell, Keith C"]
[Result "0-1"]
[WhiteElo "2230"]
[BlackElo "2497"]

1.e4 g6 2.Nf3 Bg7 3.d3 c5 4.g3 d5 5.Nbd2 Nc6 6.Bg2 e6 7.O-O Nge7 8.Re1 O-O
9.h4 h6 10.e5 Nf5 11.Nf1 f6 12.exf6 Qxf6 13.N1h2 e5 14.Ng4 Qd6 15.Nfh2 Be6
16.Nf1 Qd7 17.Ngh2 Rf7 18.c3 Raf8 19.Re2 b5 20.Bd2 c4 21.Be1 cxd3 22.Qxd3 e4
23.Qc2 Ne5 24.Rd1 Qc6 25.Ne3 Nf3+ 26.Bxf3 exf3 27.Red2 Nxe3 28.fxe3 Bf5 29.Qb3
Be4 30.Bf2 Qd7 31.Kh1 Qh3 32.Rg1 Be5 33.Qxb5 {#R} 0-1

[Event "XYChess IM Section"]
[Site "Sliema, Malta"]
[Date "2015.01.13"]
[Round "7.3"]
[White "Kerigan, Demre"]
[Black "Kaim, Piotr"]
[Result "1-0"]
[WhiteElo "2311"]
[BlackElo "2212"]

1.e4 c5 2.Nf3 e6 3.b3 Nf6 4.Bd3 Nc6 5.O-O Nb4 6.Re1 Nxd3 7.cxd3 Be7 8.Bb2 O-O
9.d4 b6 10.d3 Bb7 11.Nbd2 Rc8 12.dxc5 bxc5 13.Rc1 Qc7 14.Ne5 d6 15.Ng4 Qd8
16.Nc4 d5 17.Nxf6+ Bxf6 18.Bxf6 gxf6 19.Ne3 Kh8 20.Qh5 dxe4 21.dxe4 Bxe4
22.Qh4 f5 23.Qf4 Qf6 24.f3 Ba8 25.Red1 Rg8 26.Rd2 Rcd8 27.Rxd8 Rxd8 28.Rxc5
Qa1+ 29.Kf2 Qxa2+ 30.Kg3 Qb2 31.Kh3 Qf6 32.Rc7 a5 33.Nc4 Kg7 34.Ne5 Re8
35.Qg3+ Kh6 36.Rxf7 {#r} 1-0

[Event "XYChess IM Section"]
[Site "Sliema, Malta"]
[Date "2015.01.13"]
[Round "7.4"]
[White "Ahlander, Bjorn"]
[Black "Oliveira, Carlos Andre Ramalho"]
[Result "1-0"]
[WhiteElo "2406"]
[BlackElo "2075"]

1.e4 c6 2.d4 d5 3.e5 g6 4.h4 h5 5.Nh3 Bxh3 6.Rxh3 e6 7.Bg5 Ne7 8.c4 dxc4 9.Nc3
Qb6 10.Bxc4 Nd7 11.Kf1 Nf5 12.d5 cxd5 13.Nxd5 exd5 14.Qxd5 Rh7 15.Bb5 f6
16.exf6 O-O-O 17.Bd3 Nd4 18.f7 Nf6 19.Rc1+ Kb8 20.Qe5+ {#r} 1-0

[Event "XYChess IM Section"]
[Site "Sliema, Malta"]
[Date "2015.01.13"]
[Round "7.5"]
[White "Przedmojski, Rafal"]
[Black "Kirk, Ezra"]
[Result "1/2-1/2"]
[WhiteElo "2367"]
[BlackElo "2316"]

1.e4 e6 2.d4 d5 3.e5 c5 4.c3 Nc6 5.Nf3 Bd7 6.Be2 Nge7 7.Na3 Nf5 8.O-O h5 9.Nc2
cxd4 10.cxd4 Qb6 11.Bg5 Rc8 12.Rb1 Be7 13.Bxe7 Ncxe7 14.Qd3 a6 15.h3 h4 16.Na3
Nc6 17.Nc2 Nb4 18.Nxb4 Qxb4 19.Qa3 Qxa3 20.bxa3 b5 21.Rfc1 Ke7 22.Bd3 g6
23.Kf1 a5 24.Ke1 Rb8 25.Rc5 Rbc8 26.Rxc8 Rxc8 27.Kd2 f6 28.Rc1 Rxc1 29.Kxc1 g5
30.Kd2 Kf7 31.Kc3 Ne7 32.exf6 Kxf6 33.Ne5 Be8 34.g3 Nf5 35.Bxf5 exf5 36.gxh4
gxh4 37.Nf3 f4 38.Nxh4 Bd7 39.Ng2 Kg5 40.h4+ Kg4 41.h5 Kg5 42.h6 Bf5 43.Kd2
Bb1 44.f3 Bg6 45.Kc3 Bh7 46.a4 b4+ 47.Kb2 Bg6 48.a3 bxa3+ 49.Kxa3 Bh7 {#d}
1/2-1/2

[Event "XYChess IM Section"]
[Site "Sliema, Malta"]
[Date "2015.01.14"]
[Round "8.1"]
[White "Ekstroem, Roland"]
[Black "Kirk, Ezra"]
[Result "1-0"]
[WhiteElo "2396"]
[BlackElo "2316"]

1.d4 Nf6 2.c4 g6 3.Nc3 Bg7 4.e4 d6 5.Nf3 O-O 6.h3 e5 7.d5 a5 8.Bg5 Na6 9.Be2
Qe8 10.Nd2 Nd7 11.a3 Nb6 12.b3 Bd7 13.Rb1 Nc5 14.Qc2 f5 15.b4 axb4 16.axb4
Nca4 17.Nb5 Bxb5 18.cxb5 Qf7 19.O-O fxe4 20.Nxe4 Qxd5 21.Rbc1 h6 22.Be3 Qf7
23.Qxc7 Qxc7 24.Rxc7 d5 25.Rxb7 Nc8 26.Nc5 Nc3 27.Bg4 Nd6 28.Rd7 Rfd8 29.b6
Rxd7 30.Bxd7 d4 31.Bd2 Rb8 32.Be6+ Kh7 33.Nd7 Re8 34.Bb3 Nce4 35.Rd1 Rd8
36.Ba4 Nxd2 37.Rxd2 e4 38.Bc6 d3 39.Rd1 Bd4 40.Kf1 Nc4 41.b7 Ba7 42.Nf6+ Kg7
43.Nxe4 Nb2 44.Ra1 Bb8 45.Nd2 Rd6 46.b5 Rd8 47.g3 Kf6 48.Ra2 Nd1 49.Ne4+ Ke5
50.Rd2 Nxf2 51.Nxf2 {#r} 1-0

[Event "XYChess IM Section"]
[Site "Sliema, Malta"]
[Date "2015.01.14"]
[Round "8.2"]
[White "Oliveira, Carlos Andre Ramalho"]
[Black "Przedmojski, Rafal"]
[Result "1-0"]
[WhiteElo "2075"]
[BlackElo "2367"]

1.e4 d5 2.exd5 Qxd5 3.Nc3 Qa5 4.d4 Nf6 5.Bc4 Bg4 6.f3 Bf5 7.Bd2 Qb6 8.Qe2 Nc6
9.Na4 Qxd4 10.O-O-O O-O-O 11.g4 Ne5 12.Bb3 Bd3 13.cxd3 Nxd3+ 14.Kb1 Nd5 15.Bc3
Nxc3+ 16.bxc3 {#r} 1-0

[Event "XYChess IM Section"]
[Site "Sliema, Malta"]
[Date "2015.01.14"]
[Round "8.3"]
[White "Kaim, Piotr"]
[Black "Ahlander, Bjorn"]
[Result "1-0"]
[WhiteElo "2212"]
[BlackElo "2406"]

1.e4 c5 2.Nf3 e6 3.d4 cxd4 4.Nxd4 a6 5.Bd3 Bc5 6.Nb3 Be7 7.Qg4 Bf6 8.Qg3 Nc6
9.O-O Nge7 10.Nc3 O-O 11.Bg5 Bxg5 12.Qxg5 e5 13.Rad1 d6 14.Rd2 Be6 15.Rfd1 Qc7
16.Bf1 Rad8 17.Nd5 Bxd5 18.exd5 Nb8 19.c4 f6 20.Qe3 Nd7 21.Qc3 b6 22.f4 a5
23.fxe5 fxe5 24.Qh3 Nc5 25.Bd3 Nxd3 26.Rxd3 Rf6 27.Nd2 Rdf8 28.b3 Rh6 29.Qg4
Qc5+ 30.Kh1 Rhf6 31.Rf3 Rxf3 32.Nxf3 Nf5 33.Ng5 Qe3 34.Ne4 h6 35.Qf3 Ng3+
36.Qxg3 Qxe4 37.h3 Qe2 38.Qg4 Qxg4 39.hxg4 Rf2 40.b4 axb4 41.Rb1 Rxa2 42.Rxb4
Ra6 43.Kh2 Kf7 44.Kg3 Kf6 45.Rb3 Kg5 46.Rf3 Ra5 47.Rf7 g6 48.Rc7 Ra3+ 49.Kf2
Kf4 50.Rf7+ Kxg4 51.Rf6 Ra2+ 52.Ke3 Ra3+ 53.Ke4 Kg5 54.Rxd6 Ra4 55.Rxb6 Rxc4+
56.Kxe5 Rc2 57.d6 Re2+ 58.Kd5 Kf6 59.Rb4 g5 60.g4 Rd2+ {#r} 1-0

[Event "XYChess IM Section"]
[Site "Sliema, Malta"]
[Date "2015.01.14"]
[Round "8.4"]
[White "Arkell, Keith C"]
[Black "Kerigan, Demre"]
[Result "1-0"]
[WhiteElo "2497"]
[BlackElo "2311"]

1.d4 Nf6 2.Nf3 g6 3.c4 Bg7 4.Nc3 d6 5.g3 O-O 6.Bg2 Nbd7 7.O-O e5 8.e4 exd4
9.Nxd4 Re8 10.h3 a6 11.Bf4 Rb8 12.Qd2 Ne5 13.b3 c5 14.Nde2 Qe7 15.Rad1 b5
16.cxb5 axb5 17.Qxd6 Qxd6 18.Rxd6 Bb7 19.Bxe5 Rxe5 20.f4 Ree8 21.e5 Bxg2
22.Kxg2 b4 23.exf6 bxc3 24.Nxc3 Bf8 25.Rc6 Rbd8 26.Rf3 Rd2+ 27.Rf2 Rd3 28.Re2
Rxe2+ 29.Nxe2 Rd2 30.Kf1 Rxa2 31.Nc3 Rd2 32.Ne4 Rd3 33.Nxc5 Bxc5 34.Rxc5 h5
35.b4 Rxg3 36.Kf2 Rxh3 37.Rc8+ Kh7 38.Rf8 Rb3 39.Rxf7+ Kg8 40.Rb7 Rd3 41.b5
Rd6 42.f7+ Kf8 43.b6 Rd2+ 44.Kg3 Rb2 45.Kh4 Kg7 46.f8=Q+ Kxf8 47.Kg5 h4
48.Kxh4 Rb5 49.Kg4 Ke8 50.Kf3 g5 51.fxg5 Rxg5 52.Rh7 Rb5 53.b7 Kd8 54.Ke4 Rb2
55.Kd5 Rb1 56.Kc6 Rc1+ 57.Kb6 Rb1+ 58.Ka7 Ra1+ 59.Kb8 Rd1 60.Rh5 Kd7 61.Ra5
Rb1 62.Ra2 Rb3 63.Rd2+ Ke7 64.Rd4 Ke6 65.Kc7 Rc3+ 66.Kb6 Rb3+ 67.Kc6 {#r} 1-0

[Event "XYChess IM Section"]
[Site "Sliema, Malta"]
[Date "2015.01.14"]
[Round "8.5"]
[White "Lombaers, Peter"]
[Black "House, Glenn L"]
[Result "1-0"]
[WhiteElo "2291"]
[BlackElo "2230"]

1.f4 c5 2.Nf3 Nc6 3.g3 g6 4.Bg2 Bg7 5.d3 Nf6 6.O-O O-O 7.a4 d6 8.Na3 Bd7 9.h3
a6 10.Nc4 b6 11.e4 Rb8 12.g4 b5 13.axb5 axb5 14.Ne3 Ne8 15.Qe1 Nd4 16.Nxd4
cxd4 17.Nd5 e6 18.Nb4 Nc7 19.f5 Ra8 20.Rxa8 Nxa8 21.Qf2 Be5 22.Bh6 Nc7 23.f6
Ne8 24.g5 d5 25.exd5 Bd6 26.Qxd4 e5 27.Qc3 Qb6+ 28.Kh1 Qe3 29.d4 Qxd4 30.Qxd4
exd4 31.Nc6 Bxc6 32.dxc6 Nc7 33.Bxf8 Kxf8 34.Rd1 Ne6 35.c3 Ke8 36.h4 {#r} 1-0

[Event "XYChess IM Section"]
[Site "Sliema, Malta"]
[Date "2015.01.15"]
[Round "9.1"]
[White "House, Glenn L"]
[Black "Ekstroem, Roland"]
[Result "1/2-1/2"]
[WhiteElo "2230"]
[BlackElo "2396"]

1.e4 e5 2.Nf3 Nc6 3.d4 exd4 4.c3 d5 5.exd5 Qxd5 6.cxd4 Bg4 7.Be2 Bb4+ 8.Nc3
Bxf3 9.Bxf3 Qc4 10.Qb3 Qxb3 11.axb3 Nge7 12.Be3 O-O-O 13.O-O a6 14.Ra4 Bd6
15.g3 f5 16.Re1 Rhf8 17.Bg5 h6 18.Bxe7 Nxe7 19.Raa1 Ng8 20.Bh5 f4 21.Rad1 fxg3
22.hxg3 Nf6 23.Bg6 Kb8 24.Re2 Rd7 25.Kg2 Rfd8 26.Bf5 Re7 27.Re6 Rxe6 28.Bxe6
c6 29.f4 Bc7 30.Kf3 Bb6 31.d5 cxd5 32.Nxd5 Nxd5 33.Rxd5 Rxd5 34.Bxd5 Bd4
35.Ke4 Bxb2 36.g4 Kc7 37.Bf7 Bc1 38.Bd5 b5 39.f5 Kd6 40.Bf7 Bg5 41.Bg8 Kc5
42.Kd3 a5 43.Bf7 Kd6 44.Be8 Ke5 45.Bxb5 Kf4 46.f6 Bxf6 47.Bd7 Kf3 48.Kc4 g6
49.b4 a4 50.b5 Be7 51.b6 Bd6 52.b7 h5 53.gxh5 gxh5 54.b8=Q Bxb8 {#d} 1/2-1/2

[Event "XYChess IM Section"]
[Site "Sliema, Malta"]
[Date "2015.01.15"]
[Round "9.2"]
[White "Kerigan, Demre"]
[Black "Lombaers, Peter"]
[Result "0-1"]
[WhiteElo "2311"]
[BlackElo "2291"]

1.e4 Nf6 2.e5 Nd5 3.d4 d6 4.c4 Nb6 5.exd6 exd6 6.Nc3 Be7 7.h3 Nc6 8.Nf3 O-O
9.Be2 Bf5 10.O-O Bf6 11.Be3 h6 12.Re1 d5 13.c5 Nc8 14.Rc1 N8e7 15.Nh2 Be6
16.g4 g5 17.Nf1 Ng6 18.Ng3 Qd7 19.Qd2 Bh8 20.Nf5 Bxf5 21.gxf5 Qxf5 22.Bg4 Qf6
23.Nxd5 Qd8 24.Bf3 Nh4 25.Bh1 Nf5 26.Rc4 Qd7 27.Kh2 Rae8 28.Rg1 Bg7 29.Qd1
Nxe3 30.fxe3 f5 31.Rc1 f4 32.Qb3 Kh8 33.exf4 Nxd4 34.Qxb7 gxf4 35.Rce1 f3
36.Rxe8 Rxe8 37.Nf4 Qf5 38.Ng6+ Kh7 39.Rg4 Re2+ 40.Kg3 Be5+ 41.Kh4 Qf6+ 42.Kh5
Ne6 43.Nf8+ Qxf8 44.Qxf3 Qe8+ 45.Kh4 Qe7+ 46.Kh5 Nf4+ 47.Rxf4 Qg5# 0-1

[Event "XYChess IM Section"]
[Site "Sliema, Malta"]
[Date "2015.01.15"]
[Round "9.3"]
[White "Ahlander, Bjorn"]
[Black "Arkell, Keith C"]
[Result "1/2-1/2"]
[WhiteElo "2406"]
[BlackElo "2497"]

1.e4 c6 2.d4 d5 3.e5 c5 4.c4 e6 5.Nf3 cxd4 6.Nxd4 Nc6 7.Nc3 Bc5 8.Nxc6 bxc6
9.cxd5 cxd5 10.b4 Bf8 11.a3 a6 12.Bd2 Ne7 13.Bd3 Ng6 14.f4 Be7 15.O-O O-O
16.Qh5 f5 17.exf6 Rxf6 18.Kh1 Nf8 19.Ne2 Bb7 20.Bc3 Rh6 21.Qf3 Bf6 22.f5 Bc6
23.Bxf6 Rxf6 24.Qe3 exf5 25.Bxf5 Bb5 26.Bd3 Ne6 27.Nd4 Nxd4 28.Qxd4 Rxf1+
29.Rxf1 Qd6 30.h3 Re8 31.Rd1 Bxd3 32.Qxd3 Re5 33.Qd4 h6 34.a4 Qe6 35.b5 Re4
36.Qxd5 Qxd5 37.Rxd5 Rxa4 38.bxa6 Rxa6 {#d} 1/2-1/2

[Event "XYChess IM Section"]
[Site "Sliema, Malta"]
[Date "2015.01.15"]
[Round "9.4"]
[White "Przedmojski, Rafal"]
[Black "Kaim, Piotr"]
[Result "1/2-1/2"]
[WhiteElo "2367"]
[BlackElo "2212"]

1.d4 Nf6 2.c4 g6 3.g3 Bg7 4.Bg2 O-O 5.Nc3 d6 6.e4 Nbd7 7.Nge2 e5 8.d5 a5 9.O-O
Nc5 10.Bg5 h6 11.Bd2 Nh7 12.Qc1 Nd3 13.Qc2 Nc5 14.Qc1 Nd3 15.Qb1 Nc5 16.Nc1
Bd7 17.Nd3 b6 18.Nxc5 bxc5 19.Qc1 h5 20.a4 f5 21.exf5 gxf5 {#d} 1/2-1/2

[Event "XYChess IM Section"]
[Site "Sliema, Malta"]
[Date "2015.01.15"]
[Round "9.5"]
[White "Kirk, Ezra"]
[Black "Oliveira, Carlos Andre Ramalho"]
[Result "1-0"]
[WhiteElo "2316"]
[BlackElo "2075"]

1.d4 d5 2.c4 c6 3.Nf3 e6 4.Nc3 Nf6 5.g3 Nbd7 6.Bg2 Be7 7.O-O O-O 8.Qd3 b6 9.e4
dxe4 10.Nxe4 Bb7 11.Nc3 c5 12.d5 exd5 13.cxd5 Ne8 14.Bf4 Bd6 15.Bg5 Qc8
16.Rfe1 f6 17.Be3 Ne5 18.Nxe5 Bxe5 19.f4 Bxc3 20.Qxc3 Qf5 21.Rad1 Nd6 22.b4 c4
23.Bc5 bxc5 24.bxc5 Nf7 25.Qxc4 Rae8 26.c6 Ba8 27.Rxe8 Rxe8 28.d6 Qa5 29.Bd5
Kf8 30.Bxf7 Qb6+ 31.Kf1 Re3 32.Bd5 {#r} 1-0